[Event "Euskadi-ch Seniors 29th"]
[Site "Zarautz"]
[Date "2019.06.22"]
[Round "2"]
[White "Besga Lopez, Jose Angel"]
[Black "Cemborain Oricain, Alfonso"]
[Result "0-1"]
[WhiteElo "2029"]
[BlackElo "1891"]
[PlyCount "66"]
[EventDate "2019.06.22"]
[EventType "swiss"]
[EventRounds "6"]
[EventCountry "ESP"]
[SourceTitle "CBM 192 Extra"]
[Source "Chessbase"]
[SourceDate "2019.11.06"]
[SourceVersion "1"]
[SourceVersionDate "2019.11.06"]
[SourceQuality "1"]

1. e4 Nf6 2. Nc3 e5 3. Nf3 Nc6 4. Bc4 Nxe4 5. Nxe4 d5 6. Bxd5 Qxd5 7. Nc3 Qd8 8. d3 Bg4 9. h3 Bh5 10. Be3 Be7 11. g4 Bg6 12. Qd2 Qd7 13. 0-0-0 0-0-0 14. Qe2 f6 15. Nh4 Nd4 16. Bxd4 Qxd4 17. Nxg6 hxg6 18. Qe3 Bc5 19. Qe4 Qd7 20. f3 Qf7 21. Kb1 Kb8 22. Rdf1 Rd6 23. Qc4 Qxc4 24. dxc4 f5 25. Rd1 Rxd1+ 26. Rxd1 Kc8 27. Rh1 c6 28. a3 a5 29. Ne2 Rd8 30. Ng3 Bf2 31. Ne2 Rd2 32. Nc3 Bd4 33. Re1 Kd7 0-1

[Event "Gibraltar Amateur op-B"]
[Site "Caleta"]
[Date "2018.01.30"]
[Round "4"]
[White "Cemborain Oricain, Alfonso"]
[Black "Dennis, Nigel W"]
[Result "1/2-1/2"]
[WhiteElo "1886"]
[BlackElo "1804"]
[PlyCount "74"]
[EventDate "2018.01.27"]
[EventType "swiss"]
[EventRounds "5"]
[EventCountry "GGB"]
[SourceTitle "EXT 2019"]
[Source "ChessBase"]
[SourceDate "2018.10.10"]
[SourceVersion "1"]
[SourceVersionDate "2018.10.10"]
[SourceQuality "1"]

1. e4 c5 2. Ne2 d5 3. exd5 Qxd5 4. Nbc3 Qd8 5. g3 Nf6 6. Bg2 e6 7. 0-0 Be7 8. d4 cxd4 9. Nxd4 a6 10. Be3 0-0 11. Nb3 Nc6 12. Na4 Qxd1 13. Rfxd1 Rd8 14. Nb6 Rb8 15. Bc5 Rxd1+ 16. Rxd1 Bxc5 17. Nxc5 Kf8 18. g4 h6 19. f4 Ke7 20. h3 g5 21. fxg5 hxg5 22. c3 Nd8 23. Nxc8+ Rxc8 24. Nxb7 Nxb7 25. Bxb7 Rb8 26. Bxa6 Rxb2 27. a4 Rb3 28. Rc1 Ne4 29. c4 Rxh3 30. c5 Rc3 31. Rxc3 Nxc3 32. Bb5 Nxb5 33. axb5 Kd7 34. Kf2 f5 35. gxf5 exf5 36. Ke3 Kc7 37. Kf3 Kb7 1/2-1/2

[Event "Navarra-ch final"]
[Site "Pamplona"]
[Date "2017.05.06"]
[Round "6"]
[White "Sancinena Arpide, Juan"]
[Black "Cemborain Oricain, Alfonso"]
[Result "0-1"]
[WhiteElo "1663"]
[BlackElo "1927"]
[PlyCount "96"]
[EventDate "2017.03.11"]
[EventType "swiss"]
[EventRounds "7"]
[EventCountry "ESP"]
[SourceTitle "EXT 2018"]
[Source "ChessBase"]
[SourceDate "2017.10.13"]
[SourceVersion "1"]
[SourceVersionDate "2017.10.13"]
[SourceQuality "1"]

1. e4 d5 2. exd5 Qxd5 3. Nc3 Qd6 4. d4 Nf6 5. Nf3 c6 6. Ne5 Nbd7 7. Nc4 Qc7 8. Qf3 g6 9. Bf4 Qd8 10. 0-0-0 Nb6 11. Ne5 Be6 12. g4 Nfd5 13. Ne4 Nxf4 14. Qxf4 f6 15. Nc5 Bd5 16. Nf3 Qd6 17. Qe3 0-0-0 18. Ne4 Qe6 19. Bd3 Qxg4 20. Rhg1 Qe6 21. b3 Bxe4 22. Qxe4 Qxe4 23. Bxe4 Nd5 24. Kb2 Bh6 25. Bxd5 Rxd5 26. Rge1 Re8 27. Rd3 Rf5 28. Re2 Bf4 29. h3 Rh5 30. Nd2 e5 31. Ne4 Re6 32. Nc5 Rd6 33. dxe5 Bxe5+ 34. c3 Rxd3 35. Nxd3 Bd6 36. Re6 Be5 37. Nxe5 fxe5 38. Re7 Rxh3 39. Rxe5 Kd7 40. Kc2 Rf3 41. Re2 h5 42. c4 h4 43. Kd1 h3 44. Re4 Rxf2 45. Rh4 h2 46. Ke1 Rxa2 47. Kf1 h1Q+ 48. Rxh1 Ra1+ 0-1

[Event "Navarra-ch"]
[Site "Pamplona"]
[Date "2017.03.25"]
[Round "2"]
[White "Urbiola Martinez, Jesus"]
[Black "Cemborain Oricain, Alfonso"]
[Result "1-0"]
[WhiteElo "1467"]
[BlackElo "1927"]
[PlyCount "72"]
[EventDate "2017.03.11"]
[EventType "swiss"]
[EventRounds "7"]
[EventCountry "ESP"]
[SourceTitle "EXT 2018"]
[Source "ChessBase"]
[SourceDate "2017.10.13"]
[SourceVersion "1"]
[SourceVersionDate "2017.10.13"]
[SourceQuality "1"]

1. e4 c6 2. d4 d5 3. e5 c5 4. dxc5 e6 5. a3 Nc6 6. Nf3 Bxc5 7. b4 Bb6 8. Bb2 Nge7 9. Bd3 Ng6 10. g3 a5 11. b5 Nb8 12. 0-0 Nd7 13. c4 dxc4 14. Bxc4 0-0 15. Qe2 Nc5 16. Rd1 Qe7 17. a4 Bc7 18. Nbd2 Rd8 19. Nb3 Rxd1+ 20. Qxd1 b6 21. Qe2 Bb7 22. Nxc5 bxc5 23. Re1 Rd8 24. Bc3 Qd7 25. h4 Ne7 26. Ng5 Nd5 27. Bb2 h6 28. Ne4 Qe7 29. Rd1 Nb6 30. Rxd8+ Bxd8 31. Bb3 Bd5 32. Bc2 c4 33. Nd6 Qc7 34. Bc3 Nd7 35. Qg4 Nc5 36. Ne8 Qe7 1-0

[Event "Navarra-ch"]
[Site "Pamplona"]
[Date "2017.03.11"]
[Round "1"]
[White "Cemborain Oricain, Alfonso"]
[Black "Ortega Villa, Alex"]
[Result "1-0"]
[WhiteElo "1927"]
[BlackElo "1614"]
[PlyCount "73"]
[EventDate "2017.03.11"]
[EventType "swiss"]
[EventRounds "7"]
[EventCountry "ESP"]
[SourceTitle "EXT 2018"]
[Source "ChessBase"]
[SourceDate "2017.10.13"]
[SourceVersion "1"]
[SourceVersionDate "2017.10.13"]
[SourceQuality "1"]

1. e4 c5 2. c3 Nf6 3. e5 Nd5 4. d4 cxd4 5. Nf3 Nc6 6. cxd4 e6 7. a3 a6 8. Bd3 d6 9. 0-0 dxe5 10. dxe5 Bc5 11. Qe2 Nd4 12. Nxd4 Bxd4 13. Qe4 Qb6 14. Nd2 f5 15. exf6 Nxf6 16. Qh4 0-0 17. Nc4 Qd8 18. Rd1 b5 19. Ne5 Qd5 20. Bxh7+ Nxh7 21. Qxd4 Qb3 22. Be3 Bb7 23. Qb4 Qc2 24. Rd7 Bc8 25. Rd2 Qf5 26. Nc6 Kh8 27. Ne7 Qf7 28. Qe4 Qxe7 29. Qxa8 Bb7 30. Qa7 Ng5 31. Qc5 Nf3+ 32. gxf3 Qf7 33. Rad1 Kh7 34. Rd7 Qxf3 35. Rxg7+ Kxg7 36. Qg5+ Kh8 37. Bd4+ 1-0

[Event "Calvia Amateur op 13th"]
[Site "Calvia"]
[Date "2016.10.11"]
[Round "4"]
[White "Gavrish, Leonid"]
[Black "Cemborain Oricain, Alfonso"]
[Result "1-0"]
[WhiteElo "2158"]
[BlackElo "1945"]
[PlyCount "55"]
[EventDate "2016.10.08"]
[EventType "swiss"]
[EventRounds "9"]
[EventCountry "ESP"]
[SourceTitle "CBM 175 Extra"]
[Source "ChessBase"]
[SourceDate "2016.12.12"]
[SourceVersion "1"]
[SourceVersionDate "2016.12.12"]
[SourceQuality "1"]

1. d4 d5 2. c4 c6 3. cxd5 cxd5 4. Nc3 Nf6 5. Bf4 Qb6 6. Rc1 Bd7 7. e3 Qxb2 8. Bd3 e6 9. Nge2 Bc6 10. 0-0 a6 11. Na4 Qb4 12. Nec3 Nbd7 13. Bc7 Qe7 14. Nb6 Nxb6 15. Bxb6 Qd7 16. f3 Be7 17. e4 dxe4 18. fxe4 0-0 19. e5 Nd5 20. Nxd5 Qxd5 21. Rf3 g6 22. Qd2 Rfc8 23. Rcf1 Be8 24. Qf2 Rc6 25. Rxf7 Bxf7 26. Qxf7+ Kh8 27. Qxe7 Rxb6 28. Rf8+ 1-0

[Event "Navarra-ch"]
[Site "Pamplona"]
[Date "2016.03.12"]
[Round "2"]
[White "Cemborain Oricain, Alfonso"]
[Black "Monroy Ostivar, Alejandro"]
[Result "1-0"]
[WhiteElo "1951"]
[BlackElo "1412"]
[PlyCount "63"]
[EventDate "2016.03.05"]
[EventType "swiss"]
[EventRounds "8"]
[EventCountry "ESP"]
[SourceTitle "EXT 2018"]
[Source "ChessBase"]
[SourceDate "2017.10.13"]
[SourceVersion "1"]
[SourceVersionDate "2017.10.13"]
[SourceQuality "1"]

1. e4 e5 2. Nf3 Nc6 3. d4 exd4 4. Nxd4 Qh4 5. Nb5 Bc5 6. Qe2 Bb6 7. Be3 Qd8 8. N1c3 a6 9. Bxb6 axb5 10. Be3 b4 11. Nd5 d6 12. Qd2 Nge7 13. Nxb4 0-0 14. Nxc6 Nxc6 15. Bd3 Ne5 16. 0-0 Nxd3 17. cxd3 Be6 18. a3 d5 19. Qb4 b6 20. exd5 Bxd5 21. Qc3 Qd6 22. Kh1 Rfe8 23. Rg1 Re6 24. Bd4 Rh6 25. Be5 Qe7 26. Qxc7 Qg5 27. Bf4 Rc6 28. Qxc6 Qxg2+ 29. Rxg2 Bxc6 30. Kg1 Bxg2 31. Kxg2 h6 32. Rc1 1-0

[Event "Sitges Sunway op-B 2nd"]
[Site "Sitges"]
[Date "2015.12.14"]
[Round "3"]
[White "Cemborain Oricain, Alfonso"]
[Black "Sanchez Esteban, Emilio"]
[Result "1-0"]
[WhiteElo "1913"]
[BlackElo "1863"]
[PlyCount "35"]
[EventDate "2015.12.13"]
[EventType "swiss"]
[EventRounds "9"]
[EventCountry "ESP"]
[SourceTitle "CBM 170 Extra"]
[Source "ChessBase"]
[SourceDate "2016.02.25"]
[SourceVersion "1"]
[SourceVersionDate "2016.02.25"]
[SourceQuality "1"]

1. e4 c5 2. Nc3 d6 3. Bb5+ Bd7 4. a4 Nf6 5. d3 g6 6. f4 Nc6 7. Nf3 Qc7 8. 0-0 e6 9. Kh1 Bg7 10. Be3 Ng4 11. Bg1 b6 12. d4 cxd4 13. Nxd4 h5 14. Bxc6 Bxc6 15. Ndb5 Qd7 16. Nxd6+ Ke7 17. Ndb5 Qb7 18. Qd6+ 1-0

[Event "Benidorm op U2000 14th"]
[Site "Benidorm"]
[Date "2015.12.07"]
[Round "10"]
[White "Cemborain Oricain, Alfonso"]
[Black "Ayats Llobera, Gerard"]
[Result "1/2-1/2"]
[WhiteElo "1913"]
[BlackElo "1988"]
[PlyCount "152"]
[EventDate "2015.11.28"]
[EventType "swiss"]
[EventRounds "10"]
[EventCountry "ESP"]
[SourceTitle "CBM 169 Extra"]
[Source "ChessBase"]
[SourceDate "2015.12.18"]
[SourceVersion "1"]
[SourceVersionDate "2015.12.18"]
[SourceQuality "1"]

1. e4 e6 2. d4 d5 3. exd5 exd5 4. Bd3 Nc6 5. c3 Bd6 6. Nf3 Nge7 7. Bg5 Bg4 8. 0-0 Qd7 9. Nbd2 0-0-0 10. b4 f6 11. Bh4 Ng6 12. Bg3 f5 13. Bxd6 cxd6 14. Qc2 Rhf8 15. Rfe1 h6 16. a4 Kb8 17. a5 Rf6 18. Qb3 Nf4 19. Bf1 Qf7 20. Re3 Re8 21. b5 Nd8 22. Rae1 Rfe6 23. c4 Bxf3 24. Nxf3 dxc4 25. Qxc4 Rxe3 26. fxe3 Qxc4 27. Bxc4 Nfe6 28. Kf2 b6 29. axb6 axb6 30. Nh4 Nc7 31. Ke2 d5 32. Bd3 Nde6 33. Kd2 f4 34. exf4 Nxd4 35. Rxe8+ Nxe8 36. Nf5 Nxf5 37. Bxf5 Kc7 38. g4 Kd6 39. Ke3 Nc7 40. Bd3 g5 41. h3 Ne6 42. f5 Nf4 43. Bf1 Ke5 44. Kd2 h5 45. Ke3 h4 46. Kd2 d4 47. Kd1 Nd5 48. Kd2 Nf6 49. Bg2 Nd7 50. Bf1 Nf6 51. Bg2 Kf4 52. Kd3 Kg3 53. Bf1 Kf2 54. Be2 Kg2 55. Kxd4 Kxh3 56. Ke5 Nh7 57. f6 Nf8 58. Kf5 Nh7 59. f7 Kg3 60. Bc4 h3 61. Bd5 Kh4 62. Be4 h2 63. Bh1 Nf8 64. Bd5 Nd7 65. Ke6 Nf8+ 66. Ke7 Ng6+ 67. Ke8 Kxg4 68. Be4 Kh5 69. Bxg6+ Kxg6 70. f8Q h1Q 71. Qf7+ Kh6 72. Qf6+ Kh7 73. Qf7+ Kh8 74. Qf8+ Kh7 75. Qf7+ Kh6 76. Qf6+ Kh7 1/2-1/2

[Event "Calvia Amateur op 12th"]
[Site "Calvia"]
[Date "2015.10.16"]
[Round "7"]
[White "Blanco Gutierrez, Pedro"]
[Black "Cemborain Oricain, Alfonso"]
[Result "1-0"]
[WhiteElo "2099"]
[BlackElo "1911"]
[PlyCount "73"]
[EventDate "2015.10.10"]
[EventType "swiss"]
[EventRounds "9"]
[EventCountry "ESP"]
[SourceTitle "EXT 2019"]
[Source "ChessBase"]
[SourceDate "2018.10.10"]
[SourceVersion "1"]
[SourceVersionDate "2018.10.10"]
[SourceQuality "1"]

1. c4 c6 2. g3 Nf6 3. Bg2 d5 4. Nf3 g6 5. 0-0 Bg7 6. d4 0-0 7. cxd5 cxd5 8. Ne5 Nc6 9. Nxc6 bxc6 10. Nc3 Re8 11. Bf4 Nh5 12. Be3 Bd7 13. Rc1 e5 14. dxe5 Bxe5 15. Bd4 Bxd4 16. Qxd4 Qb6 17. Qd2 Rab8 18. b3 Red8 19. Na4 Qb4 20. Qxb4 Rxb4 21. Nc5 Rd4 22. Nxd7 Rxd7 23. Bf3 Rd2 24. Rxc6 Rxa2 25. Rd1 Ra5 26. Rd4 f5 27. Bxh5 gxh5 28. b4 Rb5 29. Rc5 a6 30. Rc6 a5 31. bxa5 Rxa5 32. Rh6 Kg7 33. Rxh5 Rf7 34. Rf4 Kg6 35. Rfh4 Ra2 36. Rh6+ Kg7 37. Rxh7+ 1-0

[Event "Madrid Chamartin op 4th"]
[Site "Madrid"]
[Date "2015.09.07"]
[Round "2"]
[White "Martinez Reyes, Pedro Ramon"]
[Black "Cemborain Oricain, Alfonso"]
[Result "1-0"]
[WhiteElo "2358"]
[BlackElo "1939"]
[PlyCount "51"]
[EventDate "2015.09.06"]
[EventType "swiss"]
[EventRounds "9"]
[EventCountry "ESP"]
[SourceTitle "EXT 2016"]
[Source "ChessBase"]
[SourceDate "2015.10.08"]
[SourceVersion "1"]
[SourceVersionDate "2015.10.08"]
[SourceQuality "1"]

1. e4 Nf6 2. e5 Nd5 3. d4 d6 4. c4 Nb6 5. Nf3 g6 6. e6 Bxe6 7. d5 Bf5 8. Qd4 Rg8 9. Qh4 h6 10. Nc3 e5 11. dxe6 fxe6 12. Qg3 Nc6 13. Be2 Qf6 14. 0-0 0-0-0 15. a4 g5 16. a5 Nd7 17. a6 b6 18. Be3 Be7 19. Nb5 Kb8 20. Nfd4 Nce5 21. Bf3 g4 22. Bc6 h5 23. Nxa7 h4 24. Nab5 Nxc6 25. Nxc6+ Kc8 26. Nba7# 1-0

[Event "Palmanova Blau Escacs op 1st"]
[Site "Palmanova"]
[Date "2015.04.12"]
[Round "2"]
[White "Rossello Sanchez, Bartolome"]
[Black "Cemborain Oricain, Alfonso"]
[Result "0-1"]
[WhiteElo "1501"]
[BlackElo "1892"]
[PlyCount "64"]
[EventDate "2015.04.11"]
[EventType "swiss"]
[EventRounds "9"]
[EventCountry "ESP"]
[SourceTitle "CBM 166 Extra"]
[Source "ChessBase"]
[SourceDate "2015.06.18"]
[SourceVersion "1"]
[SourceVersionDate "2015.06.18"]
[SourceQuality "1"]

1. b3 d5 2. Bb2 c5 3. e3 Nf6 4. d3 Nc6 5. Nd2 e5 6. Be2 Bd6 7. a3 0-0 8. g4 Be6 9. h4 b5 10. g5 Nd7 11. Bg4 Qe7 12. e4 Nd4 13. Bxe6 Qxe6 14. c3 Nc6 15. Qf3 d4 16. Ne2 dxc3 17. Bxc3 Nd4 18. Bxd4 cxd4 19. Ng3 Rac8 20. Nf5 Rc3 21. b4 a5 22. Nxd6 Qxd6 23. 0-0 axb4 24. axb4 Qxb4 25. Rfb1 Qc5 26. Nb3 Qc7 27. Na5 Rb8 28. Qh3 Nc5 29. Rc1 Nxd3 30. Rcb1 Nxf2 31. Qf5 Nh3+ 32. Kh1 Nf4 0-1

[Event "Pamplona Puente Foral op"]
[Site "Pamplona"]
[Date "2014.12.07"]
[Round "6"]
[White "Ortega Lopez, Mikel"]
[Black "Cemborain Oricain, Alfonso"]
[Result "1/2-1/2"]
[WhiteElo "2008"]
[BlackElo "1890"]
[PlyCount "39"]
[EventDate "2014.12.03"]
[EventType "swiss"]
[EventRounds "7"]
[EventCountry "ESP"]
[SourceTitle "CBM 163 Extra"]
[Source "ChessBase"]
[SourceDate "2014.12.23"]
[SourceVersion "1"]
[SourceVersionDate "2014.12.23"]
[SourceQuality "1"]

1. e4 Nf6 2. Nc3 e5 3. Nf3 Nc6 4. d4 exd4 5. Nxd4 Bb4 6. Nxc6 bxc6 7. Bd3 d5 8. exd5 cxd5 9. 0-0 0-0 10. Bg5 c6 11. Qf3 Be7 12. Rae1 Bg4 13. Qg3 Be6 14. Ne2 Ne4 15. Bxe4 Bxg5 16. Bd3 c5 17. Nf4 Bxf4 18. Qxf4 c4 19. Be2 Qb6 20. b3 1/2-1/2

[Event "Calvia Amateur op 11th"]
[Site "Calvia"]
[Date "2014.10.08"]
[Round "5"]
[White "Cemborain Oricain, Alfonso"]
[Black "Tscharotschkin, Michael"]
[Result "0-1"]
[WhiteElo "1896"]
[BlackElo "2144"]
[PlyCount "92"]
[EventDate "2014.10.04"]
[EventType "swiss"]
[EventRounds "9"]
[EventCountry "ESP"]
[SourceTitle "EXT 2015"]
[Source "ChessBase"]
[SourceDate "2014.11.20"]
[SourceVersion "1"]
[SourceVersionDate "2014.11.20"]
[SourceQuality "1"]

1. e4 c5 2. Nc3 e6 3. g3 d5 4. Bg2 Nf6 5. exd5 exd5 6. Nge2 d4 7. Nb1 Bd6 8. 0-0 0-0 9. d3 Re8 10. Na3 Nc6 11. Nc4 Bc7 12. Nf4 Bg4 13. Bf3 Qd7 14. Bxg4 Nxg4 15. Nd5 Qxd5 16. Qxg4 f5 17. Qh5 g6 18. Qd1 Re6 19. a4 Rae8 20. Bd2 Re2 21. f3 a6 22. a5 f4 23. Rf2 Rxf2 24. Kxf2 Re6 25. g4 Qd8 26. Qf1 Qh4+ 27. Kg2 Qe7 28. Re1 Kf7 29. Rxe6 Qxe6 30. Qe1 Qxe1 31. Bxe1 Ke6 32. Bd2 g5 33. h4 h6 34. hxg5 hxg5 35. Kf2 Kd5 36. Ke2 Nd8 37. b4 Nc6 38. c3 dxc3 39. Bxc3 cxb4 40. Bf6 Bd8 41. Bxd8 Nxd8 42. Nd2 Ne6 43. Ne4 Nd4+ 44. Kf2 Ne6 45. Ke2 b3 46. Kd1 Nd4 0-1

[Event "Huarte Puente Foral op 8th"]
[Site "Huarte"]
[Date "2013.12.03"]
[Round "1"]
[White "Lopez Medina, Manuel"]
[Black "Cemborain Oricain, Alfonso"]
[Result "0-1"]
[WhiteElo "1437"]
[BlackElo "1975"]
[PlyCount "40"]
[EventDate "2013.12.03"]
[EventType "swiss"]
[EventRounds "7"]
[EventCountry "ESP"]
[SourceTitle "EXT 2016"]
[Source "ChessBase"]
[SourceDate "2015.10.08"]
[SourceVersion "1"]
[SourceVersionDate "2015.10.08"]
[SourceQuality "1"]

1. d4 d5 2. Nf3 Nf6 3. c4 c6 4. Nc3 dxc4 5. a4 Bf5 6. g3 e6 7. Bg2 Bb4 8. Bg5 Nbd7 9. 0-0 h6 10. Bxf6 Qxf6 11. Re1 0-0 12. e3 Rad8 13. Nd2 Bd3 14. Rc1 e5 15. d5 Nc5 16. Nce4 Bxe4 17. Bxe4 cxd5 18. Bg2 Nd3 19. Rb1 Qxf2+ 20. Kh1 Nxe1 0-1

[Event "Pamplona San Juan op 5th"]
[Site "Pamplona"]
[Date "2011.07.25"]
[Round "1"]
[White "Cemborain Oricain, Alfonso"]
[Black "Iturrizaga Bonelli, Eduardo"]
[Result "0-1"]
[WhiteElo "2037"]
[BlackElo "2603"]
[PlyCount "58"]
[EventDate "2011.07.25"]
[EventType "swiss"]
[EventRounds "9"]
[EventCountry "ESP"]
[SourceTitle "EXT 2012"]
[Source "ChessBase"]
[SourceDate "2011.11.24"]
[SourceVersion "1"]
[SourceVersionDate "2011.11.24"]
[SourceQuality "1"]

1. e4 c5 2. c3 Nf6 3. e5 Nd5 4. d4 cxd4 5. Nf3 g6 6. Bc4 Nb6 7. Bb3 Bg7 8. 0-0 0-0 9. cxd4 d6 10. h3 Nc6 11. Qe2 Bf5 12. Nc3 dxe5 13. g4 Nxd4 14. Nxd4 exd4 15. gxf5 dxc3 16. fxg6 hxg6 17. bxc3 Qc8 18. Kh2 Qxc3 19. Bf4 Qb4 20. Qg4 e6 21. Rab1 Qa5 22. Rfe1 Rad8 23. Qg3 Qf5 24. Bd6 Rfe8 25. Rbd1 Nd5 26. Ba4 Nc3 27. Bxe8 Nxd1 28. Bxf7+ Kxf7 29. Rxd1 Rxd6 0-1